Business communication games : photocompiable game and activities for student of English for business /
The first part of the book contains 36 games which consist of one or more photocopiable worksheets. The second part contains teacher's notes giving information under the following headings: activity type, number of students, function practised, lexical area, and grammar involved, follwed by ste...
Spremljeno u:
| Glavni autor: | |
|---|---|
| Daljnji autori: | |
| Format: | Knjiga |
| Jezik: | English |
| Izdano: |
Oxford, U.K :
Oxford University Press,
1996.
|
| Teme: | |
| Oznake: |
Dodaj oznaku
Bez oznaka, Budi prvi tko označuje ovaj zapis!
|
| Thư viện lưu trữ: | Mạng thư viện Đại học Đà Nẵng |
|---|
| LEADER | 01493cam a2200361 i 4500 | ||
|---|---|---|---|
| 001 | 000047695 | ||
| 003 | 7386 | ||
| 005 | 20041027082803.0 | ||
| 008 | 010324b1996 vm 000 eng | ||
| 020 | |a 0194572242 | ||
| 040 | |a IRC |c IRC |d IRC | ||
| 041 | 0 | |a eng | |
| 082 | 1 | 4 | |a 651.7 |b LL-A |
| 100 | 1 | |a Lloyd, Angela. | |
| 245 | 1 | 0 | |a Business communication games : |b photocompiable game and activities for student of English for business / |c Angela Lloyd, Anne Preier. |
| 260 | |a Oxford, U.K : |b Oxford University Press, |c 1996. | ||
| 300 | |a 128 p. ; |c 27.5 cm. | ||
| 520 | 3 | |a The first part of the book contains 36 games which consist of one or more photocopiable worksheets. The second part contains teacher's notes giving information under the following headings: activity type, number of students, function practised, lexical area, and grammar involved, follwed by step-by-step instructions on setting up and playing the games. Finally, the index categorises the games in order to help teachers to choose a suitable game. | |
| 630 | 0 | 4 | |a Business communication. |
| 650 | 0 | 4 | |a Educational games. |
| 650 | 0 | 4 | |a Business communication |x Problems, exercises, etc. |
| 650 | 0 | 4 | |a Business communication |x Study and teaching. |
| 700 | 1 | |a Preier, Anne. | |
| OWN | |a DUT | ||
| 999 | |a From the UDN01 | ||
| TYP | |a Monograph | ||
| TYP | |a Printed language | ||
| 980 | |a Mạng thư viện Đại học Đà Nẵng | ||


